000 00616cam a2200217 4500
001 J2700
008 090401t1994 xxu||||| |||| 00| 0 eng d
035 _a(Sirsi) u50642
041 _aeng
050 _a332.6324
110 _aChesterton Financial
_92959
245 _aProperty lending survey 1994.
260 _aLondon
_bChesterton Financial Services Ltd.
_c1994
300 _a(4)p. ; 30cm.
350 _a0
650 _aPROPERTY LENDING
690 _aPROPERTY-COMMERCIAL PROPERTY-COMMERCIAL PROPERTY FINANCE AND INVESTMENT
710 _aUniversity of Greenwich
_92963
942 _n0
948 _c04/03/1997
999 _c92732
_d92732